<?xml version="1.0" encoding="UTF-8"?>
<record
    xmlns:xsi="http://www.w3.org/2001/XMLSchema-instance"
    xsi:schemaLocation="http://www.loc.gov/MARC21/slim http://www.loc.gov/standards/marcxml/schema/MARC21slim.xsd"
    xmlns="http://www.loc.gov/MARC21/slim">

  <leader>00888nam2a2200253   4500</leader>
  <controlfield tag="001">RU\NLR\bibl\1096460</controlfield>
  <controlfield tag="005">20250615054044.0</controlfield>
  <datafield tag="010" ind1=" " ind2=" ">
    <subfield code="a">978-5-902802-21-1</subfield>
    <subfield code="9">2000</subfield>
    <subfield code="b">&#x447;. 2</subfield>
  </datafield>
  <datafield tag="021" ind1=" " ind2=" ">
    <subfield code="a">RU</subfield>
    <subfield code="b">2007-31236</subfield>
    <subfield code="9">1658</subfield>
  </datafield>
  <datafield tag="035" ind1=" " ind2=" ">
    <subfield code="a">(NLR Aleph) 001083571</subfield>
  </datafield>
  <datafield tag="090" ind1=" " ind2=" ">
    <subfield code="a">1073801</subfield>
    <subfield code="c">1073801</subfield>
  </datafield>
  <datafield tag="100" ind1=" " ind2=" ">
    <subfield code="a">20070609d2007    |||y0rusy50      ca</subfield>
  </datafield>
  <datafield tag="101" ind1="0" ind2=" ">
    <subfield code="a">rus</subfield>
  </datafield>
  <datafield tag="102" ind1=" " ind2=" ">
    <subfield code="a">RU</subfield>
  </datafield>
  <datafield tag="105" ind1=" " ind2=" ">
    <subfield code="a">a   |||||||||</subfield>
  </datafield>
  <datafield tag="200" ind1="1" ind2=" ">
    <subfield code="a">&#x412;&#x441;&#x442;&#x440;&#x435;&#x447;&#x430; &#x43D;&#x430;&#x434; &#x43F;&#x440;&#x43E;&#x43F;&#x430;&#x441;&#x442;&#x44C;&#x44E;</subfield>
  </datafield>
  <datafield tag="210" ind1=" " ind2=" ">
    <subfield code="d">2007</subfield>
    <subfield code="a">&#x411;. &#x43C;.</subfield>
  </datafield>
  <datafield tag="215" ind1=" " ind2=" ">
    <subfield code="a">206 &#x441;.</subfield>
    <subfield code="c">&#x438;&#x43B;.</subfield>
  </datafield>
  <datafield tag="461" ind1=" " ind2="0">
    <subfield code="1">001RU\NLR\bibl\1181769</subfield>
    <subfield code="1">2001#$a&#x42D;&#x442;&#x43E; &#x432;&#x441;&#x435;&#x433;&#x43E; &#x43B;&#x438;&#x448;&#x44C; &#x441;&#x43E;&#x43D;$v&#x427;. 2</subfield>
    <subfield code="9">1581564</subfield>
    <subfield code="a">&#x42E;&#x43D;&#x44F;&#x437;&#x43E;&#x432;&#x430;, &#x41E;. &#x41F;.</subfield>
    <subfield code="c">&#x41E;&#x440;&#x435;&#x43B;</subfield>
    <subfield code="d">2007</subfield>
    <subfield code="f">&#x41E;&#x43B;&#x44C;&#x433;&#x430; &#x42E;&#x43D;&#x44F;&#x437;&#x43E;&#x432;&#x430;</subfield>
    <subfield code="n">&#x421;&#x432;&#x435;&#x442;&#x43B;&#x430;&#x43D;&#x430; &#x417;&#x435;&#x43D;&#x438;&#x43D;&#x430;</subfield>
    <subfield code="o">[&#x432; 3 &#x447;.]</subfield>
    <subfield code="t">&#x42D;&#x442;&#x43E; &#x432;&#x441;&#x435;&#x433;&#x43E; &#x43B;&#x438;&#x448;&#x44C; &#x441;&#x43E;&#x43D;</subfield>
    <subfield code="y">978-5-902802-20-4</subfield>
    <subfield code="v">&#x427;. 2</subfield>
  </datafield>
  <datafield tag="801" ind1=" " ind2="0">
    <subfield code="a">RU</subfield>
    <subfield code="b">NLR</subfield>
    <subfield code="c">20070609</subfield>
    <subfield code="g">RCR</subfield>
  </datafield>
  <datafield tag="801" ind1=" " ind2="1">
    <subfield code="a">RU</subfield>
    <subfield code="b">NLR</subfield>
    <subfield code="c">20070609</subfield>
  </datafield>
  <datafield tag="942" ind1=" " ind2=" ">
    <subfield code="c">BOOK</subfield>
  </datafield>
  <datafield tag="980" ind1=" " ind2=" ">
    <subfield code="a">NB</subfield>
  </datafield>
  <datafield tag="995" ind1=" " ind2=" ">
    <subfield code="5">2007-06-09</subfield>
    <subfield code="a">ad</subfield>
    <subfield code="b">NLR01</subfield>
    <subfield code="c">NLR01</subfield>
    <subfield code="e">RF9</subfield>
    <subfield code="f">2451672</subfield>
    <subfield code="k">2007-3/17338</subfield>
    <subfield code="o">0</subfield>
    <subfield code="r">BOOK</subfield>
    <subfield code="s">2007317338_</subfield>
  </datafield>
  <datafield tag="995" ind1=" " ind2=" ">
    <subfield code="5">2007-06-09</subfield>
    <subfield code="a">ad</subfield>
    <subfield code="b">NLR01</subfield>
    <subfield code="c">NLR01</subfield>
    <subfield code="e">RF9</subfield>
    <subfield code="f">2451673</subfield>
    <subfield code="k">2007-3/17338</subfield>
    <subfield code="o">0</subfield>
    <subfield code="r">BOOK</subfield>
    <subfield code="s">2007317338_</subfield>
  </datafield>
</record>
